The application use and construction of valuation tables (Record no. 115336)

MARC details
000 -LEADER
fixed length control field 00900cam a22002175a 4500
001 - CONTROL NUMBER
control field L158484
008 - FIXED-LENGTH DATA ELEMENTS--GENERAL INFORMATION
fixed length control field 150318s1936 xxk f 000 0 eng d
035 ## - SYSTEM CONTROL NUMBER
System control number (Sirsi) u158484
041 0# - LANGUAGE CODE
Language code of text/sound track or separate title eng
100 1# - MAIN ENTRY--PERSONAL NAME
Personal name Parry, Richard
245 04 - TITLE STATEMENT
Title The application use and construction of valuation tables
250 ## - EDITION STATEMENT
Edition statement 4th ed
260 ## - PUBLICATION, DISTRIBUTION, ETC.
Place of publication, distribution, etc. London
Name of publisher, distributor, etc. Estates Gazette
Date of publication, distribution, etc. 1936
520 ## - SUMMARY, ETC.
Summary, etc. Explains the construction and application of Parry's valuation tables including year's purchase for perpetuity, present value of £1, annual sinking fund and life tables. Although written in 1936 the detailed explanation of the terms and worked examples and case studies makes it a useful reference tool for users of current editions of Parry's Valuation Tables.
590 ## - LOCAL NOTE (RLIN)
Local note KA
650 24 - SUBJECT ADDED ENTRY--TOPICAL TERM
Topical term or geographic name entry element LIFE TABLES
650 24 - SUBJECT ADDED ENTRY--TOPICAL TERM
Topical term or geographic name entry element VALUATION TABLES
651 #4 - SUBJECT ADDED ENTRY--GEOGRAPHIC NAME
Geographic name United Kingdom
Chronological subdivision
700 1# - ADDED ENTRY--PERSONAL NAME
Personal name Gumbrell, Leonard
942 ## - ADDED ENTRY ELEMENTS (KOHA)
Suppress in OPAC 0
Holdings
Withdrawn status Lost status Source of classification or shelving scheme Damaged status Not for loan Home library Current library Shelving location Date acquired Total Checkouts Full call number Barcode Date last seen Copy number Price effective from Koha item type
    Dewey Decimal Classification     London London Basement 18/03/2015   L158484. 30075191 06/08/2019 1 06/08/2019 Book